000 00375nam a2200145Ia 4500
008 240624s9999 xx 000 0 und d
041 _aeng
082 _a658.15 DAY
100 _aDAY ALASTAIR
245 _aMASTERING FINANCIAL MODELLING IN MICROSO
250 _a(2nd ed.)
260 _c2009
_aNew Delhi
_bPearson
300 _axvii, : 497 : p. : cm. ; 26
365 _cRS
_b33
999 _c24735
_d24735